Kosztolányi Árpád, Kosztolányi Dezső és a szabadkai főgimnázium

Elmentve itt :
Bibliográfiai részletek
Szerző: Tóth Tibor Győző
További közreműködők: Oláh János (Témavezető)
Dokumentumtípus: Szakdolgozat
Megjelent: 1995
Tárgyszavak:
Online Access:http://diploma.bibl.u-szeged.hu/115911
LEADER 00724nta a2200193 i 4500
001 dipl115911
005 20210610062908.0
008 210527s1995 hu om 0|| zxx d
040 |a SZTE Diploma Repozitórium  |b hun 
041 |a zxx 
100 1 |a Tóth Tibor Győző 
245 1 0 |a Kosztolányi Árpád, Kosztolányi Dezső és a szabadkai főgimnázium  |h [elektronikus dokumentum] /  |c Tibor Győző Tóth 
260 |c 1995 
650 4 |a Pedagógusképzés 
650 4 |a Social sciences 
650 4 |a Educational sciences 
650 4 |a Education, general (including training, pedagogy, didactics) 
700 1 |a Oláh János  |e ths 
856 4 0 |u http://diploma.bibl.u-szeged.hu/id/eprint/115911/1/1995_toth_tibor_gyozo.pdf  |z Dokumentum-elérés